000 01339nam a2200373 a 4500
999 _c3687
_d3687
003 BLK
005 20231219005331.0
008 180412b bul|||||r ||||||| ||bul||
010 _aKNG00004794000
020 _a954-625-031-7
040 _aBLK
041 _aBUL
_cBUL
080 _aБългарска литература
_b821.163.2
_x-93-1
_z821.163.2-93-1
100 _aМилева, Леда Гео
_9363471
139 _aМилева, Леда Гео
_bM 57
245 1 0 _aПроизшествие в гората
_b[Приказка в стихове]
_cЛеда Гео Милева; худож. Стефка Радкова Радкова.
257 _aBGR
260 _aСофия
_bФют
_c1994
300 _a12 с.
_bс цв. ил.
_c21Х24 см
380 _aDX
490 _aПоредица Лиса и нейните лисичета
_9202847
500 _aКор. опис. - 20 000 тир.
653 _aприказки
653 _aлитература за деца
653 _aдетска литература
700 1 _aРадкова, Стефка Радкова
_eхудож.
_9246807
852 _aЦб 73145
856 4 _qpdf
_u
856 4 _qpdf
_u
942 _cKNG
_n0
_06
_s1
944 _aCR
_c15.01.2003
_lCRON CRON
_k
944 _aED
_c2022-08-26
_lф /
_kир
999 _d3687